Electronics III (Record no. 3232)

MARC details
005 - DATE AND TIME OF LATEST TRANSACTION
control field 20250623112738.0
020 ## - INTERNATIONAL STANDARD BOOK NUMBER
International Standard Book Number 0 582 08202 1
082 ## - DEWEY DECIMAL CLASSIFICATION NUMBER
Classification number LM 621.381 GRE
100 ## - MAIN ENTRY--PERSONAL NAME
Author name GREEN, D. C.
245 ## - TITLE STATEMENT
Title Electronics III
250 ## - EDITION STATEMENT
Edition statement 4th Ed.
260 ## - PUBLICATION, DISTRIBUTION, ETC.
Place of publication, distribution, etc. Harlow,
Name of publisher, distributor, etc. ELBS with Longman,
Date of publication, distribution, etc. 1988.
300 ## - PHYSICAL DESCRIPTION
Extent 167p.: figure, table.
Other physical details Index.
Dimensions 26cm.
942 ## - ADDED ENTRY ELEMENTS (KOHA)
Source of classification or shelving scheme Dewey Decimal Classification
Koha item type Books
Holdings
Date last seen Total checkouts Full call number Barcode Cost, replacement price Price effective from Koha item type Lost status Source of classification or shelving scheme Damaged status Not for loan Withdrawn status Home library Current library Shelving location Date acquired Cost, normal purchase price
06/05/2025   LM 621.381 GRE 00000010794 30000.00 06/05/2025 Books   Dewey Decimal Classification       College of Business Education Main Library College of Business Education Main Library General Collection 12/14/1992 10000.00
06/05/2025   LM 621.381 GRE 00000010795 30000.00 06/05/2025 Books   Dewey Decimal Classification       College of Business Education Main Library College of Business Education Main Library General Collection 12/14/1992 10000.00
06/05/2025   LM 621.381 GRE 00000010796 30000.00 06/05/2025 Books   Dewey Decimal Classification       College of Business Education Main Library College of Business Education Main Library General Collection 12/14/1992 10000.00